Investment for beginners / (Record no. 128048)

MARC details
000 -LEADER
fixed length control field 00625nam a22002177a 4500
005 - DATE AND TIME OF LATEST TRANSACTION
control field 20170124110034.0
010 ## - LIBRARY OF CONGRESS CONTROL NUMBER
LC control number A-759328
020 ## - INTERNATIONAL STANDARD BOOK NUMBER
Terms of availability 00.00
035 ## - SYSTEM CONTROL NUMBER
System control number A-759328
037 ## - SOURCE OF ACQUISITION
Source of stock number/acquisition Cen Lib/Ret
040 ## - CATALOGING SOURCE
Original cataloging agency DPL
Language of cataloging EN
082 ## - DEWEY DECIMAL CLASSIFICATION NUMBER
Classification number 332.6
Item number AVA
100 ## - MAIN ENTRY--PERSONAL NAME
Personal name Avadhani, V.A.
9 (RLIN) 22256
245 ## - TITLE STATEMENT
Title Investment for beginners /
Statement of responsibility, etc by V.A. Avadhani
260 ## - PUBLICATION, DISTRIBUTION, ETC. (IMPRINT)
Place of publication, distribution, etc Mumbai
Name of publisher, distributor, etc Himalaya Publishing House
Date of publication, distribution, etc 1995
270 ## - ADDRESS
City Mumbai
Address Dr. bhalerao margh, girgaon
Postal code 400004
300 ## - PHYSICAL DESCRIPTION
Extent 246p.
Dimensions 21cm(Hb)
650 ## - SUBJECT ADDED ENTRY--TOPICAL TERM
Topical term or geographic name as entry element Banking
9 (RLIN) 22257
650 ## - SUBJECT ADDED ENTRY--TOPICAL TERM
Topical term or geographic name as entry element Investment
General subdivision Begnners
9 (RLIN) 22258
942 ## - ADDED ENTRY ELEMENTS (KOHA)
Source of classification or shelving scheme Dewey Decimal Classification
Koha item type English Books
Classification part 332.6
Call number suffix AVA
Holdings
Withdrawn status Lost status Damaged status Not for loan Home library Current library Date acquired Source of acquisition Cost, normal purchase price Total Checkouts Full call number Barcode Date last seen Date checked out Copy number Cost, replacement price Price effective from Koha item type Public note
Written off       Central Library Central Library 01/07/2015 Cen Lib/Ret 0.00 1 332.6 AVA A-759328 29/10/2018 09/10/2018 1 0.00 01/07/2015 English Books Written off on approval by DLB (By Circulation); dtd 15-06-2023

© Delhi Public Library
Hit Counter
free hit counter